000 00809cam a2200253 4500
001 35981
003 BD-RjUL
005 20211209052420.0
008 140612s1968 bg b b 000 0 eng
035 _a(BD-RjUL)36078
040 _aDLC
_cDLC
_dBD-RjUL
_beng
041 _aeng
082 0 0 _a915.492
_bOBS 1968
100 1 _aObaidullah, M.
_9109529
245 1 0 _aSetting for demographic analysis in East Pakistan /
_c[by] M. Obaidullah.
260 _aDacca :
_bInstitute of Statistical Research and Training, University of Dacca,
_c1968.
300 _a47 p. ;
_bmaps. ;
_c24 cm.
504 _aBibliographical footnotes.
651 0 _aBangladesh
_xEconomic conditions.
_9109530
651 0 _aBangladesh
_xSocial conditions.
_9109531
942 _2ddc
_cBK
999 _c35981
_d35981